| 000 | 00820nam a2200277 i 4500 | ||
|---|---|---|---|
| 001 | 000030306 | ||
| 003 | DO-SdBNP | ||
| 005 | 20250206125522.0 | ||
| 007 | ta | ||
| 008 | 110509s1974 dr 000 0 spa d | ||
| 040 |
_aDO-SdBNP _bspa _cBNPGU _erda |
||
| 041 | _hspa | ||
| 082 |
_axxx _bT853e _222 |
||
| 100 | 1 |
_aTroncoso Sánchez, Pedro, _d1904-1989 _eautor _923599 |
|
| 245 | 1 | 0 |
_aEvolución de la idea nacional / _cPedro Troncoso Sánchez. |
| 264 |
_aSanto Domingo : _bMuseo del Hombre Dominicano, _c1974. |
||
| 300 |
_a31 páginas ; _c21 cm. |
||
| 336 |
_ardacontent _btexto _2txt |
||
| 337 |
_ardamedia _bsin mediación _2n |
||
| 338 |
_ardacarrier _bvolumen _2nc |
||
| 490 | 1 |
_aConferencias _vv. 2 |
|
| 590 | _aInventariado, 2025/DG | ||
| 830 | 0 |
_aConferencias _nno. 2 _956981 |
|
| 910 | _aDG | ||
| 942 |
_2ddc _cLF2 |
||
| 999 |
_c29798 _d29798 |
||